Pays d'Amérique du Sud par deuxième plus grand ville - Statistiques

Statistiques générales
  • Ce quiz a été pris 31 fois
  • Le résultat moyen est 11 sur 12
Statistiques - réponses
Ville Pays % Correct
Rio de Janeiro Brésil
100%
Mendellín Colombie
97%
Quito Équateur
97%
Caracas Venezuela
97%
Cо́rdoba Argentine
87%
Puente Alto Chili
87%
Linden Guyana
87%
Salto Uruguay
87%
El Alto Bolivie
83%
Ciudad del Este Paraguay
83%
Arequipa Pérou
83%
Lelydorp Suriname
80%
Aucun quiz correspondant
Distribution des résultats
% des personnes avec chaque résultat
Percentile par nombre de réponses
Votre historique - résultats
Vous n’avez pas pris ce quiz